A Latin dictionary (Registro nro. 36253)

Detalles MARC
000 -ENCABEZADO
Número de control [NR] 01610nam a2200289Ia 4500
005 - FECHA Y HORA DE LA ÚLTIMA TRANSACCIÓN
control field 20151207141507.0
008 - DE LONGITUD FIJA DE DATOS DE ELEMENTOS - INFORMACIÓN GENERAL
Elementos de longitud fija [NR] 130821s1917 enk grdd eng
040 ## - FUENTE DE CATALOGACION [NR]
Agencia de catalogación original [NR] Co-BoUCM
Idioma de catalogación [NR] spa
Quien Cataloga Sandra Yazo
Quien Clasifica Sandra Yazo
041 0# - CODIGO DE IDIOMA [R]
Código de idioma para texto/pista de sonido o título separado [R] Inglés
082 04 - NUMERO DE CLASIFICACION DECIMAL DEWEY [R]
Número de clasificación [R] R470.03
Número de la edición [NR] 20
092 ## - SIGNATURA TOPOGRAFICA LOCAL
Número de clasificación local E18N040
100 1# - ASIENTO PRINCIPAL--NOMBRE PERSONAL [NR]
Nombre personal [NR] Lewis, Charlton Thomas
Fechas asociadas con el nombre [NR] 1834-1904
ID Autoridad 74170
242 00 - TRADUCCION DEL TITULO POR LA AGENCIA CATALOGADORA [R]
Título [NR] Un diccionario de latín fundado en la edición de Andrews del diccionario de latín de Freund
Mención de responsabilidad, etc. [NR] por Charlon T Lewis y Charles Short
Código de idioma del título traducido [NR] spa
245 10 - MENCION DE TITULO [NR]
Título [NR] A Latin dictionary
Parte restante del título [NR] founded on Andrews' edition of Freund's Latin dictionary ...
Mención de responsabilidad, etc. [NR] by Charlon T. Lewis and Charles Short
246 13 - FORMA VARIANTE DEL TITULO [R]
Título propiamente dicho/forma breve del título [NR] [Un diccionario de latín fundado en la edición de Andrews del diccionario de latín de Freund]
260 ## - PUBLICACION, DISTRIBUCION, ETC. (PIE DE IMPRENTA) [R]
Lugar de publicación, distribución, etc. [R] Oxford (Oxfordshire, Inglaterra)
Nombre del editor, distribuidor, etc. [R] Clarendon Press
Fecha de publicación, distribución, etc. [R] 1917
300 ## - DESCRIPCION FISICA [R]
Extensión [R] xiv, 2019 páginas
500 ## - NOTA GENERAL [R]
Nota general [NR] Detalles físicos: Encuadernación rígida en cartón forrado en cuero café; sobre las tapas recuadro repujado, letras y adornos en dorado sobre el lomo, incluye un pequeño escudo. Ejemplar desencuadernado. Rotas sus guardas y anteportada. Portada impresa a una sola tinta en diversos tipos de letra. Texto impreso en tres columnas con letra muy densa sobre papel de buena calidad.
505 ## - NOTA DE CONTENIDO CON FORMATO PREESTABLECIDO [R]
Nota de contenido con formato preestablecido [NR] A-Z
506 ## - NOTA DE RESTRICCIONES DE ACCESO [R]
Condiciones de acceso [NR] Consulta en sala.
520 ## - NOTA DE RESUMEN, ETC. [R]
Nota de sumario, etc. [NR] Terminos latinos con su descripción en ingles
650 04 - ASIENTO SECUNDARIO DE MATERIA - TERMINO TEMATICO [R]
Término temático o nombre geográfico como elemento de entrada [NR] Filología
9 (RLIN) 15715
650 04 - ASIENTO SECUNDARIO DE MATERIA - TERMINO TEMATICO [R]
Término temático o nombre geográfico como elemento de entrada [NR] Latín
Subdivisión de forma [R] Diccionarios y enciclopedias
Subdivisión general [R] Ingles
9 (RLIN) 18289
650 04 - ASIENTO SECUNDARIO DE MATERIA - TERMINO TEMATICO [R]
Término temático o nombre geográfico como elemento de entrada [NR] Lingüística aplicada
9 (RLIN) 26519
700 1# - ASIENTO SECUNDARIO - NOMBRE PERSONAL [R]
Nombre personal [NR] Short, Charles
Fechas asociadas con el nombre [NR] 1761-1838
9 (RLIN) 74171
942 ## - ELEMENTOS DE ENTRADA AGREGADOS (KOHA)
Tipo de ítem principal el descrito en 300a Libro
Tema principal 12
Edición 1
Sistema de clasificación DEWEY
Clasificación 470.03
Existencias
Suprimido Perdido Sistema de clasificación Dañado No prestable Tipo de ítem específico Ubicación habitual Ubicación actual Localización Fecha de creación Forma de adquisición Costo Volúmen / Fascículo Total préstamos Código de barras Última vez visto Ejemplar Price effective from Tipo de ítem
    DEWEY     Libro archivo Archivo Histórico Archivo Histórico Archivo histórico 28/02/2013 Donación 0.00 E18N040   L002706 15/12/2012 Ej.1 03/02/2013 Libro